000 02117nam a2200373Ia 4500
999 _c53812
_d53812
001 20863
003 GE_BSU
005 20210521175345.0
008 181216s ||||ge |||||||||||||| ||geo||
020 _a9789941201660 (ყველა ნაწილი)
020 _a9789941201677 (პირველი ნაწილი)
040 _cGE_BSU
041 _ageo
080 _a331.45 : 69(075.8) შ-87
245 _aშრომის უსაფრთხოება და უსაფრთხოების ტექნიკის საფუძვლები ენერგეტიკაში ნაწ. 1 :
_bსახელმძღვანელო /
_cნ. ბოჭორიშვილი, გ. არაბიძე, ა. ნევეროვი, ნ. რაზმაძე, ი. ბოჭორიშვილი ; რედ. ი. მეგრელიშვილი.
264 _aთბილისი :
_bსტუ,
_c2012.
300 _a518 გვ. ;
_bცხრ. ნახ. ;
_c20 სმ.
504 _aბიბლიოგრ. გვ. : 516-518
541 _h20ლ.
653 _aსაინჟინრო საქმე
653 _aშრომა
653 _aდასაქმება
653 _aშრომის უსაფრთხოება
653 _aუსაფრთხოების ტექნიკის საფუძვლები ენერგეტიკაში
653 _aმშენებლობა
700 _aბოჭორიშვილი, ნ.
_eავტორი
_91201
700 _aარაბიძე, გ.
_eავტორი
_911874
700 _aნევეროვი, ა.
_eავტორი
_911875
700 _aრაზმაძე, ნ.
_eავტორი
_96993
700 _aბოჭორიშვილი, ი.
_eავტორი
_97277
700 _aმეგრელიშვილი, ი.
_eრედაქტორი
_97278
710 _aსაქართველოს ტექნიკურიუნივერსიტეტი
_911876
942 _cBK
_2udc